El curandero /

Gorde:
Xehetasun bibliografikoak
Egile nagusia: Cary, Joyce (autor)
Formatua: Liburua
Hizkuntza:gaztelania
Argitaratua: Barcelona, España : G.P., 1967, c1967
Gaiak:
Etiketak: Etiketa erantsi
Etiketarik gabe, Izan zaitez lehena erregistro honi etiketa jartzen!

MARC

LEADER 00000nam^a2200000^a^4500
001 000096679
005 20250521000000.0
009 20260310092954.064
037 |a Acervo ITESO - Biblioteca 
041 |a ESP 
082 |a 823.  |b CAR 
100 |a Cary, Joyce  |e (autor) 
245 1 3 |a El curandero /  |c J. Cary ; tr. por J. Ferrer Aleu. 
264 4 |a Barcelona, España :  |b G.P.,  |c 1967, c1967 
300 |a 495 p. 
336 |a texto  |b txt  |2 rdacontenido 
337 |a sin mediación  |b n  |2 rdamedio 
338 |a volumen  |b nc  |2 rdasoporte 
500 |a Traducción de: The Captive and the Free 
649 |a XX 
650 |a Novela Inglesa 
650 |a Literatura Inglesa -  |y Siglo XX 
910 |a Fondo Jesús Rodríguez 
920 |a Impresos - Libros 
930 |a Fondos Especiales 
940 |a Literatura 
905 |a 113 
901 |a 0500032399  |b IT2  |c ESP  |u 20250521 
902 |a https://opac.biblio.iteso.mx/vufind/Record/000096679